| 000 | 00953nam0a22002171i 4500 | ||
|---|---|---|---|
| 001 | rc\388678 | ||
| 005 | 20240723222437.0 | ||
| 035 | _a(NLR Aleph) 005638712 | ||
| 090 |
_a6645588 _c6645588 |
||
| 100 | _a20030616d1989 u |0rusy50 ca | ||
| 101 | 0 | _arus | |
| 102 | _aRU | ||
| 105 | _ay ||||||||| | ||
| 200 | 1 |
_aФормирование у школьников единства моральных знаний и поведения в работе классного руководителя _e(Опыт моногр. исслед. с 4-го по 10-й кл.) _eАвтореф. дис. на соиск. учен. степ. канд. пед. наук _e(13.00.01) _fЛенингр. гос. пед. ин-т им. А.И. Герцена |
|
| 210 |
_aЛ. _d1989 |
||
| 215 | _a18, [1] с. | ||
| 700 | 1 |
_aКлейн _bМ.Н. _gМаргарита Николаевна |
|
| 801 | 0 |
_aRU _bNLR _gpsbo |
|
| 801 | 1 |
_aRU _bELAR _2rusmarc |
|
| 852 |
_aNLR _jА89/14077 |
||
| 942 | _cBOOK | ||